Statistiken für Die teuersten Fußballtransfers - Saison 2019-2020

Klicken Sie hier um das Quiz zu spielen!

Allgemein

  • Dieses Quiz wurde 43 mal gespielt
  • Das Durchschnittsergebnis liegt bei 9 aus 10

Antwortstatistiken

Ablöse (M €)NationalitätAbgebender VereinAufnehmender VereinSpieler% Korrekt
120,00FrankreichAtlético MadridBarcelonaAntoine Griezmann
100%
86,00NiederlandeAjaxBarcelonaFrenkie de Jong
98%
127,20PortugalBenficaAtlético MadridJoão Félix
95%
85,50NiederlandeAjaxJuventusMatthijs de Ligt
95%
115,00BelgienChelseaReal MadridEden Hazard
90%
80,00FrankreichAtlético MadridBayern MunichLucas Hernández
88%
74,00BelgienManchester UnitedInterRomelu Lukaku
88%
70,00SpanienAtlético MadridManchester CityRodri
80%
87,00EnglandLeicester CityManchester UnitedHarry Maguire
78%
80,00ElfenbeinküsteLOSC LilleArsenalNicolas Pépé
68%

Verteilung der Resultate

Perzentil nach korrekt beantworteten Fragen

Anzahl Personen mit jedem Resultat

Ihre Resultats-Entwicklung

Sie haben dieses Quiz noch nicht gespielt